Tough Choices: Language Edition Quiz Stats

 Plays Quiz Updated Jun 15, 2016

Challenge
Share
Tweet
Embed
Score 0/20 Timer 07:00
3 Plays Today
Column A (Type A if Higher) A or B? % Correct
Types of accent marks for French vowels???
86.2%
One syllable words that rhyme with 'cat' according to Merriam-Webster???
78.7%
Words that end in '-dous'???
75.5%
'A' tiles in Scrabble???
68.7%
Letters in the Hawaiian alphabet???
66.5%
Roman numeral 'C' value???
66.3%
Letters in the word, 'Spain' in Spanish???
66.1%
Official languages of the UK???
65.6%
Homophones for 'write'???
64%
Definitions of the word 'run' (Oxford-English dictionary)???
61.8%
Column A (Type A if Higher) A or B? % Correct
Ages of the Classical Latin period???
60.1%
6-letter anagrams made from the letters ACERST???
56.7%
Letters of the Russian alphabet???
56.3%
Scrabble-legal 5-letter palindromes???
56.2%
Number of countries that use French as an official language???
50.8%
Parts of speech in English???
49.9%
Letters in the longest word with only one vowel used once???
49.2%
Scrabble-legal words not containing A, E, I, O, U, or Y???
47%
Different letters used in a pangram???
41.3%
UN official languages???
36.8%

You're not logged in!

Compare scores with friends on all Sporcle quizzes.
OR
Log In

You Might Also Like...

Show Comments

Extras

Top Quizzes Today


Score Distribution

Your Account Isn't Verified!

In order to create a playlist on Sporcle, you need to verify the email address you used during registration. Go to your Sporcle Settings to finish the process.

Report this User

Report this user for behavior that violates our Community Guidelines.

Details: